सुभद्रा कुमारी चौहान ग्रंथावली (2 भागों मे) (Record no. 22549)
[ view plain ]
| 000 -LEADER | |
|---|---|
| fixed length control field | 00590nam a2200157Ia 4500 |
| 008 - FIXED-LENGTH DATA ELEMENTS--GENERAL INFORMATION | |
| fixed length control field | 230917s9999||||xx |||||||||||||| ||und|| |
| 020 ## - ISBN | |
| Price | RS2495 |
| 040 ## - CATALOGING SOURCE | |
| -- | 239566 |
| Original cataloging agency | VIVEKANANDA LIBRARY |
| 041 ## - Language | |
| -- | English |
| 082 ## - DDC NUMBER | |
| Classification number | 891.431731 CS397:GR |
| 100 ## - MAIN ENTRY--PERSONAL NAME | |
| Personal name | गुप्ता, रुपा. सम्पा. |
| 245 #0 - TITLE STATEMENT | |
| Title | सुभद्रा कुमारी चौहान ग्रंथावली (2 भागों मे) |
| 260 ## - PUBLICATION, DISTRIBUTION, ETC. (IMPRINT) | |
| Place of publication, distribution, etc | स्वराज प्रकाशन |
| Name of publisher, distributor, etc | नई दिल्ली |
| Date of publication, distribution, etc | 2015 |
| 500 ## - GENERAL NOTE | |
| General note | 2710 30/03/2017 HBD17/6964 29/05/2017 Main Budget |
| 942 ## - ADDED ENTRY ELEMENTS (KOHA) | |
| Koha item type | Hindi Books |
| Withdrawn status | Lost status | Damaged status | Not for loan | Location (home branch) | Sublocation or collection (holding branch) | Date acquired | Koha issues (times borrowed) | Koha full call number | Accession No. | Koha date last seen | Koha item type |
|---|---|---|---|---|---|---|---|---|---|---|---|
| VIVEKANANDA LIBRARY | VIVEKANANDA LIBRARY | 13/07/2017 | 1 | 891.431731 CS397:GR | 361996 | 06/12/2025 | Hindi Books | ||||
| VIVEKANANDA LIBRARY | VIVEKANANDA LIBRARY | 13/07/2017 | 891.431731 CS397:GR | 361997 | 17/09/2023 | Hindi Books |
